LEADER 01290nam--2200397---450- 001 990001521490203316 005 20050405124819.0 035 $a000152149 035 $aUSA01000152149 035 $a(ALEPH)000152149USA01 035 $a000152149 100 $a20040322d1931----km-y0itay0103----ba 101 0 $aita 102 $aIT 105 $aa|||||||001yy 200 1 $aCristoforo Colombo nella leggenda e nella storia$eedizione definitiva$fCesare De Lollis$gprefazione di R. Almagia$econ appendice di altri scritti colombiani 210 $aMilano [etc.]$cLa Cultura$d1931 215 $aXXVI, 425 p.$c5 tav.$d20 cm. 225 2 $aOpere di Cesare De Lollis$v1 410 0$12001$aOpere di Cesare De Lollis$v1 454 1$12001 461 1$1001-------$12001 600 $aColombo, Cristoforo 676 $a923.9 700 1$aDE LOLLIS,$bCesare$0137508 702 1$aALMAGIA,$bR. 801 0$aIT$bsalbc$gISBD 912 $a990001521490203316 951 $aIII.1. 2948/1(III D cont. 4/1)$b46981 L.M.$cIII D 959 $aBK 969 $aUMA 979 $aSIAV8$b10$c20040322$lUSA01$h1141 979 $aPATRY$b90$c20040406$lUSA01$h1746 979 $aCOPAT2$b90$c20050405$lUSA01$h1248 996 $aCristoforo Colombo nella leggenda e nella storia$9205071 997 $aUNISA LEADER 02402nas 2200709-- 450 001 996214391603316 005 20231214213021.0 035 $a(CKB)110976725704834 035 $a(CONSER)---41020160- 035 $a(EXLCZ)99110976725704834 100 $a20750807b19402008 --- a 101 0 $aeng 181 $ctxt$2rdacontent 182 $cc$2rdamedia 183 $acr$2rdacarrier 200 00$aBehind the headlines 210 $aToronto$cCanadian Institute of International Affairs 215 $a1 online resource 300 $aRefereed/Peer-reviewed 300 $aA series of pamphlets on current problems. 311 08$aPrint version: Behind the headlines. 0005-7983 (DLC) 41020160 (OCoLC)1519351 517 1 $aBehind the headline 531 0 $aBehind headl. 606 $aWorld politics$y20th century$vPeriodicals 606 $aPolitique mondiale$y1945-$vPériodiques 606 $aPolitique mondiale$y20e siècle$vPériodiques 606 $a79.63 adult education$3(NL-LeOCL)077600851$2bcl 606 $aDiplomatic relations$2fast$3(OCoLC)fst01907412 606 $aWorld politics$2fast$3(OCoLC)fst01181381 606 $aWorld politics$y20th century$2nli 606 $aInternational relations$2pplt 606 $aWorld War I$2pplt 606 $aINTERNATIONAL RELATIONS$2unbist 606 $aFOREIGN RELATIONS$2unbist 606 $aCANADA$2unbist 607 $aCanada 607 $aCanada$xForeign relations$vPeriodicals 607 $aCanada 607 $aCanada$xRelations extérieures$vPériodiques 607 $aCanada$2fast$1https://id.oclc.org/worldcat/entity/E39PBJkMHVW4rfVXPrhVP4VwG3 607 $aCanada$2nli 608 $aPeriodicals.$2fast 615 0$aWorld politics 615 6$aPolitique mondiale 615 6$aPolitique mondiale 615 7$a79.63 adult education. 615 7$aDiplomatic relations. 615 7$aWorld politics. 615 7$aWorld politics 615 7$aInternational relations. 615 7$aWorld War I. 615 7$aINTERNATIONAL RELATIONS. 615 7$aFOREIGN RELATIONS. 615 7$aCANADA. 676 $a971.0082 712 02$aCanadian Institute of International Affairs. 712 02$aCanadian Association for Adult Education. 906 $aJOURNAL 912 $a996214391603316 920 $aexl_impl conversion 996 $aBehind the headlines$91940836 997 $aUNISA